00458nam a2200169Ia 4500003000400000005001700004008004100021040000700062041000800069082001500077100004500092245007400137260003500211300000900246650001400255700001900269OSt20260223121039.0250729s2007 xx 000 0 und d cAL akan a020.2 KARS aಕರ್ನಾಟಕ ಸರ್ಕಾರ aಸಮಾಜ ವಿಜ್ನಾನ-ಎಂಟನೇ ತರಗತಿ aಬೆಂಗಳೂರುc2007 a234p aSociology aRao Digumurthi